[Event "Hessen-ch U12"]
[Site "Bad Homburg"]
[Date "2012.??.??"]
[Round "8"]
[White "Ruhl, Marcel"]
[Black "Ternes, Sebastian"]
[Result "1/2-1/2"]
[WhiteElo "1018"]
[BlackElo "903"]
[PlyCount "65"]
[EventDate "2012.04.??"]
[EventType "swiss"]
[EventRounds "9"]
[EventCountry "GER"]
[SourceTitle "EXT 2015"]
[Source "ChessBase"]
[SourceDate "2014.11.20"]
[SourceVersion "1"]
[SourceVersionDate "2014.11.20"]
[SourceQuality "1"]

1. d4 d5 2. c4 e6 3. Bf4 Nf6 4. Nc3 Bd7 5. Nf3 Bd6 6. Ne5 Bxe5 7. Bxe5 Nc6 8. e3 Nxe5 9. dxe5 Ne4 10. cxd5 Nxc3 11. bxc3 exd5 12. Qxd5 Bc6 13. Qxd8+ Rxd8 14. f3 0-0 15. Bc4 b5 16. Be2 Rfe8 17. 0-0 Rxe5 18. e4 Rd2 19. Kf2 g6 20. Ke3 Rd6 21. Rab1 a6 22. Rfd1 Rxd1 23. Rxd1 Be8 24. f4 Re7 25. Rb1 Bc6 26. Bd3 Bb7 27. a4 Bc6 28. axb5 axb5 29. g3 f6 30. c4 bxc4 31. Bxc4+ Kg7 32. Bd3 Re8 33. Rc1 1/2-1/2